<?xml version="1.0" encoding="UTF-8"?>
<record
    xmlns:xsi="http://www.w3.org/2001/XMLSchema-instance"
    xsi:schemaLocation="http://www.loc.gov/MARC21/slim http://www.loc.gov/standards/marcxml/schema/MARC21slim.xsd"
    xmlns="http://www.loc.gov/MARC21/slim">

  <leader>00266nam a2200121Ia 4500</leader>
  <controlfield tag="008">191201s2017    xx            000 0 und d</controlfield>
  <datafield tag="100" ind1=" " ind2=" ">
    <subfield code="a">GANPATHI, S.L</subfield>
  </datafield>
  <datafield tag="245" ind1=" " ind2="0">
    <subfield code="a">Logistics Management</subfield>
  </datafield>
  <datafield tag="260" ind1=" " ind2=" ">
    <subfield code="b">Oxford</subfield>
    <subfield code="c">2017</subfield>
  </datafield>
  <datafield tag="300" ind1=" " ind2=" ">
    <subfield code="a">582</subfield>
  </datafield>
  <datafield tag="650" ind1=" " ind2=" ">
    <subfield code="a">BBA</subfield>
  </datafield>
  <datafield tag="942" ind1=" " ind2=" ">
    <subfield code="2">ddc</subfield>
    <subfield code="c">BK</subfield>
  </datafield>
  <datafield tag="999" ind1=" " ind2=" ">
    <subfield code="c">7027</subfield>
    <subfield code="d">7027</subfield>
  </datafield>
  <datafield tag="952" ind1=" " ind2=" ">
    <subfield code="0">0</subfield>
    <subfield code="1">0</subfield>
    <subfield code="2">ddc</subfield>
    <subfield code="4">0</subfield>
    <subfield code="7">0</subfield>
    <subfield code="8">BBA</subfield>
    <subfield code="a">PIET</subfield>
    <subfield code="b">PIET</subfield>
    <subfield code="d">2020-07-21</subfield>
    <subfield code="e">Kirti Prakashan</subfield>
    <subfield code="g">550.00</subfield>
    <subfield code="k">IN 3976</subfield>
    <subfield code="l">2</subfield>
    <subfield code="o">658.5 GAL</subfield>
    <subfield code="p">31190</subfield>
    <subfield code="r">2026-05-27 12:41:59</subfield>
    <subfield code="s">2026-05-08</subfield>
    <subfield code="v">374.00</subfield>
    <subfield code="w">2019-05-24</subfield>
    <subfield code="y">BK</subfield>
  </datafield>
  <datafield tag="952" ind1=" " ind2=" ">
    <subfield code="0">0</subfield>
    <subfield code="1">0</subfield>
    <subfield code="2">ddc</subfield>
    <subfield code="4">0</subfield>
    <subfield code="7">0</subfield>
    <subfield code="8">BBA</subfield>
    <subfield code="a">PIET</subfield>
    <subfield code="b">PIET</subfield>
    <subfield code="d">2020-07-21</subfield>
    <subfield code="e">Kirti Prakashan</subfield>
    <subfield code="g">550.00</subfield>
    <subfield code="k">IN 3976</subfield>
    <subfield code="l">2</subfield>
    <subfield code="o">658.5 GAL</subfield>
    <subfield code="p">31191</subfield>
    <subfield code="r">2024-04-18 00:00:00</subfield>
    <subfield code="s">2024-04-15</subfield>
    <subfield code="v">374.00</subfield>
    <subfield code="w">2019-05-24</subfield>
    <subfield code="y">BK</subfield>
  </datafield>
  <datafield tag="952" ind1=" " ind2=" ">
    <subfield code="0">0</subfield>
    <subfield code="1">0</subfield>
    <subfield code="2">ddc</subfield>
    <subfield code="4">0</subfield>
    <subfield code="7">0</subfield>
    <subfield code="8">BBA</subfield>
    <subfield code="a">PIET</subfield>
    <subfield code="b">PIET</subfield>
    <subfield code="d">2020-07-21</subfield>
    <subfield code="e">Kirti Prakashan</subfield>
    <subfield code="g">550.00</subfield>
    <subfield code="k">IN 3976</subfield>
    <subfield code="l">1</subfield>
    <subfield code="o">658.5 GAL</subfield>
    <subfield code="p">31192</subfield>
    <subfield code="r">2024-04-29 00:00:00</subfield>
    <subfield code="s">2024-04-23</subfield>
    <subfield code="v">374.00</subfield>
    <subfield code="w">2019-05-24</subfield>
    <subfield code="y">BK</subfield>
  </datafield>
  <datafield tag="952" ind1=" " ind2=" ">
    <subfield code="0">0</subfield>
    <subfield code="1">0</subfield>
    <subfield code="2">ddc</subfield>
    <subfield code="4">0</subfield>
    <subfield code="7">0</subfield>
    <subfield code="8">BBA</subfield>
    <subfield code="a">PIET</subfield>
    <subfield code="b">PIET</subfield>
    <subfield code="d">2020-07-21</subfield>
    <subfield code="e">Kirti Prakashan</subfield>
    <subfield code="g">550.00</subfield>
    <subfield code="k">IN 3976</subfield>
    <subfield code="l">2</subfield>
    <subfield code="o">658.5 GAL</subfield>
    <subfield code="p">31193</subfield>
    <subfield code="r">2024-09-24 00:00:00</subfield>
    <subfield code="s">2024-09-23</subfield>
    <subfield code="v">374.00</subfield>
    <subfield code="w">2019-05-24</subfield>
    <subfield code="y">BK</subfield>
  </datafield>
</record>
